Statistics for 2018 Football World Cup - General Quiz

Click here to take the quiz!

General Stats

  • This quiz has been taken 47 times
  • The average score is 13 of 15

Answer Stats

HintAnswer% Correct
Winning teamFrance
100%
Runners up teamCroatia
100%
Fourth place teamEngland
100%
Who received the golden ball awardLuka Modric
95%
Who received the young player awardKylian Mbappe
93%
Top goal scorerHarry Kane
90%
Third place teamBelgium
90%
Where was the world cup heldRussia
88%
Who dived alotNeymar
86%
Number of times Germany have failed to do anything in Russia2
86%
Who won against Germany to ensure Mexico's final qualificationsSouth Korea
76%
Who made the most saves (top 4 team)Thibaut Courtois
76%
Equal 2nd top goal scorerAntoine Griezmann
74%
Equal 2nd top goal scorerRomelu Lukaku
74%
Who covered the most distance (croatia)Ivan Perisic
57%

Score Distribution

Percentile by Number Answered

Percent of People with Each Score

Your Score History

You have not taken this quiz